1967 1970 1354 1802 1187 1717 1209 1769 1373 1121 1571 1241 1938 1903 1591 1956 1282 1192 1775 1002 1334 1036 1098 1124 1385 1018 1980 1209 1627 1181 1718 1776 1061 1636 1962 1799 1358 1839 1641 1928 1208 1981 1206 1105 1302 1050 1424 1019 1794 1322 1294 1050 1956 1107 1852 1621 1983 1248 1793 1020 1641 1115 1897 1550 1791 1445 1993 1736 1384 1544 1880 1295 1768 1049 1899 1656 1141 1605 1907 1729 1027 1782 1669 1968 1361 1288 1678 1103 1128 1005 1223 1566 1433 1403 1326 1036 1305 1372 1335 BCNSPRNW ULIB Ver.6.0+V

เปลี่ยนเป็นภาษาไทย

Change to English
 แสดงรายละเอียดบรรณานุกรม
  กลับหน้าหลัก

Brief Record : Get Marc (ISO 2709) : E-mail record : QR code < ปิดหน้าต่าง
LEADER : 00000nam 2200000uu 4500
001    13399112004
003     ULIB
008    110719s2553||||th 000 0 tha d
020    6169049814
090    นว.^bป959ห 2553
100 0   ไป่เทียนหลง
245 00  6974...ห้องมรณะ /^cไป่เทียนหลง
250     พิมพ์ครั้งที่ 1
260     กรุงเทพฯ :^bแองเจิลบุ๊คส์,^c2553
300     200 หน้า
945    ^p160^l0^i028083
995     เกษร
999     ^aใช้งานได้ทุกระบบ
รายการนี้ยังไม่มีแท็ก
คุณยังไม่ได้ล็อกอิน คุณสามารถมีกิจกรรมร่วมกับเว็บไซต์ได้ แต่ต้องล็อกอินก่อน ::
  ล็อกอิน

รายการสื่อสารสนเทศ

ลำดับที่ ประเภท เลขเรียก/บาร์โค้ด สถานที่ สถานะ
1. นวนิยาย
นวนิยาย
นว. ป959ห 2553  
  Barcode: 028083
ห้องสมุดวิทยาเขตสวรรค์ประชารักษ์
►นวนิยาย
บนชั้น
  ขอยืม

BibComment


ยังไม่เคยถูกคอมเมนท์

คอมเมนท์ทรัพยากรรายการนี้
  คอมเมนท์: 6974ห้องมรณะ ไป..


 Copyright 2026. Bcnsprnw @Library